Outlander. Season 1. Volume 1 (Record no. 286486)
[ view plain ]
| 000 -LEADER | |
|---|---|
| fixed length control field | 02816ngm a2200637Mi 4500 |
| 001 - CONTROL NUMBER | |
| control field | ocn906782332 |
| 003 - CONTROL NUMBER IDENTIFIER | |
| control field | OCoLC |
| 005 - DATE AND TIME OF LATEST TRANSACTION | |
| control field | 20251208121002.0 |
| 007 - PHYSICAL DESCRIPTION FIXED FIELD--GENERAL INFORMATION | |
| fixed length control field | vd cvaizq |
| 008 - FIXED-LENGTH DATA ELEMENTS--GENERAL INFORMATION | |
| fixed length control field | 150126s2015 cau459 g vleng d |
| 020 ## - INTERNATIONAL STANDARD BOOK NUMBER | |
| Terms of availability | 19.95 |
| 024 1# - OTHER STANDARD IDENTIFIER | |
| Standard number or code | 043396454170 |
| 024 7# - OTHER STANDARD IDENTIFIER | |
| Standard number or code | 00043396454170 |
| Source of number or code | gtin-14 |
| 028 42 - PUBLISHER NUMBER | |
| Publisher number | 45417 |
| Source | Sony Pictures Home Entertainment |
| 035 ## - SYSTEM CONTROL NUMBER | |
| System control number | (OCoLC)906782332 |
| 040 ## - CATALOGING SOURCE | |
| Original cataloging agency | HQD |
| Language of cataloging | eng |
| Description conventions | rda |
| Transcribing agency | HQD |
| Modifying agency | WACOL |
| 041 0# - LANGUAGE CODE | |
| Language code of text/sound track or separate title | eng |
| Language code of original and/or intermediate translations of text | eng |
| 049 ## - LOCAL HOLDINGS (OCLC) | |
| Holding library | WACL |
| 050 14 - LIBRARY OF CONGRESS CALL NUMBER | |
| Classification number | PN1992.77 |
| Item number | .O98 2015 v.1, pt.1 |
| 092 ## - LOCALLY ASSIGNED DEWEY CALL NUMBER (OCLC) | |
| Classification number | DVD |
| Item number | Out |
| 245 00 - TITLE STATEMENT | |
| Title | Outlander. Season 1. Volume 1 |
| Medium | [videorecording - DVD] / |
| 260 ## - PUBLICATION, DISTRIBUTION, ETC. (IMPRINT) | |
| Date of publication, distribution, etc | 2015. |
| 264 #1 - Production, Publication, Distribution, Manufacture, and Copyright Notice. | |
| Place of production, publication, distribution, manufacture | Culver City, California : |
| Name of producer, publisher, distributor, manufacturer | Sony Pictures Home Entertainment, produced by Matthew B. Roberts ; written by Ronald D. Moore, Anne Kenney, Matthew B. Roberts, Toni Graphia, Ira Steven Behr ; directed by John Dahl, Brian Kelly, Anna Foerster. |
| Date of production, publication, distribution, manufacture, or copyr | [2015] |
| 300 ## - PHYSICAL DESCRIPTION | |
| Extent | 2 videodiscs (459 min.) : |
| Other physical details | sound, color ; |
| Dimensions | 4 3/4 in. |
| 336 ## - Content Type | |
| Content type term | two-dimensional moving image |
| 337 ## - Media type | |
| Media type term | video |
| 338 ## - Carrier type | |
| Carrier type term | videodisc |
| 500 ## - GENERAL NOTE | |
| General note | Based on the book series by Diana Gabaldon. |
| 500 ## - GENERAL NOTE | |
| General note | Dolby surround, wide screen 1.77:1. |
| 500 ## - GENERAL NOTE | |
| General note | Features: An epic adaptation; The dress and kilts of Outlander. |
| 505 0# - FORMATTED CONTENTS NOTE | |
| Formatted contents note | Sassenach -- Castle Leoch -- The way out -- The gathering -- Rent -- The Garrison commander -- The wedding -- Both sides now. |
| 511 1# - PARTICIPANT OR PERFORMER NOTE | |
| Participant or performer note | Caitriona Balfe, Sam Heughan, Duncan Lacroix, Graham McTavish, Tobias Menzies. |
| 518 ## - DATE/TIME AND PLACE OF AN EVENT NOTE | |
| Date/time and place of an event note | Originally broadcast on television in 2014. |
| 520 ## - SUMMARY, ETC. | |
| Summary, etc | Claire Randall, a married combat nurse in 1945, is mysteriously swept back in time to 1743 where she is forced to marry a young Scottish warrior. |
| 521 8# - TARGET AUDIENCE NOTE | |
| Target audience note | TV rating: Not rated. |
| 540 ## - TERMS GOVERNING USE AND REPRODUCTION NOTE | |
| Terms governing use and reproduction | For private home use only. |
| 546 ## - LANGUAGE NOTE | |
| Language note | Closed-captioned. |
| 600 10 - SUBJECT ADDED ENTRY--PERSONAL NAME | |
| Personal name | Gabaldon, Diana |
| Form subdivision | Television adaptations. |
| 9 (RLIN) | 5744467 |
| 650 #0 - SUBJECT ADDED ENTRY--TOPICAL TERM | |
| Topical term or geographic name as entry element | Nurses |
| Form subdivision | Drama. |
| 9 (RLIN) | 5718434 |
| 650 #0 - SUBJECT ADDED ENTRY--TOPICAL TERM | |
| Topical term or geographic name as entry element | Time travel |
| Form subdivision | Drama. |
| 9 (RLIN) | 5710993 |
| 651 #0 - SUBJECT ADDED ENTRY--GEOGRAPHIC NAME | |
| Geographic name | Man-woman relationships |
| Form subdivision | Drama. |
| 9 (RLIN) | 5744469 |
| 655 #7 - INDEX TERM--GENRE/FORM | |
| Genre/form data or focus term | Science fiction television programs. |
| Source of term | lcgft |
| 9 (RLIN) | 102754 |
| 655 #7 - INDEX TERM--GENRE/FORM | |
| Genre/form data or focus term | Romance television programs. |
| Source of term | lcgft |
| 9 (RLIN) | 5715108 |
| 655 #7 - INDEX TERM--GENRE/FORM | |
| Genre/form data or focus term | Television adaptations. |
| Source of term | lcgft |
| 9 (RLIN) | 5685124 |
| 655 #7 - INDEX TERM--GENRE/FORM | |
| Genre/form data or focus term | Television series. |
| Source of term | lcgft |
| 9 (RLIN) | 5674288 |
| 655 #7 - INDEX TERM--GENRE/FORM | |
| Genre/form data or focus term | Fiction television programs. |
| Source of term | lcgft |
| 9 (RLIN) | 5673656 |
| 655 #7 - INDEX TERM--GENRE/FORM | |
| Genre/form data or focus term | Video recordings for the hearing impaired. |
| Source of term | lcgft |
| 9 (RLIN) | 5897742 |
| 700 1# - ADDED ENTRY--PERSONAL NAME | |
| Personal name | Dahl, John, |
| Relator term | director. |
| 9 (RLIN) | 63681 |
| 700 1# - ADDED ENTRY--PERSONAL NAME | |
| Personal name | Kelly, Brian. |
| Titles and other words associated with a name | (Director) |
| Relator term | director. |
| 9 (RLIN) | 5897743 |
| 700 1# - ADDED ENTRY--PERSONAL NAME | |
| Personal name | Balfe, Caitriona, |
| Relator term | actor. |
| 9 (RLIN) | 5797804 |
| 700 1# - ADDED ENTRY--PERSONAL NAME | |
| Personal name | Heughan, Sam, |
| Dates associated with a name | 1980- |
| Relator term | actor. |
| 9 (RLIN) | 5897744 |
| 700 1# - ADDED ENTRY--PERSONAL NAME | |
| Personal name | Lacroix, Duncan, |
| Relator term | actor. |
| 9 (RLIN) | 5797805 |
| 700 1# - ADDED ENTRY--PERSONAL NAME | |
| Personal name | Gabaldon, Diana. |
| 9 (RLIN) | 34886 |
| 942 ## - ADDED ENTRY ELEMENTS (KOHA) | |
| Koha item type | DVD |
| Source of classification or shelving scheme | Dewey Decimal Classification |
| 948 ## - LOCAL PROCESSING INFORMATION (OCLC); SERIES PART DESIGNATOR (RLIN) | |
| Series part designator, SPT (RLIN) | 04/10/2015 |
| b (OCLC) | 04/29/2015 |
| z (OCLC) | Sirsi |
| Withdrawn status | Lost status | Source of classification or shelving scheme | Materials specified (bound volume or other part) | Damaged status | Not for loan | Collection code | Home library | Current library | Shelving location | Date acquired | Source of acquisition | Serial Enumeration / chronology | Total Checkouts | Total Renewals | Full call number | Barcode | Checked out | Date last seen | Date checked out | Cost, replacement price | Price effective from | Koha item type |
|---|---|---|---|---|---|---|---|---|---|---|---|---|---|---|---|---|---|---|---|---|---|---|
| Dewey Decimal Classification | 2 discs | Television Series | Wasatch County Library | Wasatch County Library | Audio Visual Area | 05/09/2022 | Amazon | Season 1 Volume 1 | 8 | 6 | TV Series Outlander #1 vol. 1 | 34301001829391 | 04/19/2026 | 03/11/2026 | 03/11/2026 | 12.00 | 05/09/2022 | DVD Series |
